TUREK`S ORTHOPAEDICS: PRIN. AND THEIR APPLICATION (Record no. 798992)

MARC details
000 -LEADER
fixed length control field 00390pam a2200157 a 4500
020 ## - INTERNATIONAL STANDARD BOOK NUMBER
International Standard Book Number 0781789567
Terms of availability
041 ## - LANGUAGE CODE
Language code of original
082 ## - DEWEY DECIMAL CLASSIFICATION NUMBER
Classification number 617.3
Item number WEI / BUC
100 ## - MAIN ENTRY--PERSONAL NAME
Personal name WEINSTEIN S.; BUCKWALTER J.A.
245 ## - TITLE STATEMENT
Title TUREK`S ORTHOPAEDICS: PRIN. AND THEIR APPLICATION
Medium Textual Documents
250 ## - EDITION STATEMENT
Edition statement 6 ED.
260 ## - PUBLICATION, DISTRIBUTION, ETC.
Name of publisher, distributor, etc. LWW
Date of publication, distribution, etc. 2008
300 ## - PHYSICAL DESCRIPTION
Extent 761:
Other physical details XXV;
Dimensions HB.
650 ## - SUBJECT ADDED ENTRY--TOPICAL TERM
Topical term or geographic name entry element ORTHO
930 ## - EQUIVALENCE OR CROSS-REFERENCE-UNIFORM TITLE HEADING [LOCAL, CANADA]
Uniform title 4461
Holdings
Withdrawn status Lost status Damaged status Not for loan Collection Home library Current library Date acquired Source of acquisition Cost, normal purchase price Total Checkouts Full call number Barcode Date last seen Copy number Price effective from Koha item type
          Medical College & Hospital, Sangli Medical College & Hospital, Sangli 06/07/2011 B.M.S.G.B.PUNE 4522.00   617.3 WEI / BUC MCS-9314 26/07/2023 1 26/07/2023 Book